000 00695nam a2200241 a 4500
005 20241113063731.0
008 991125s1987 bar 000 0 spa u
020 _a8432994634
035 _aUPN01000033534
049 _aCG
050 4 _aLB1140
_bP3.4 1986
100 1 _aPavey, Don
245 1 0 _aJuegos con expresión plástica /
_cDon Pavey.
250 _a3a ed.
260 _aBarcelona (Esp.) :
_bCEAC,
_c1987.
300 _a203 p. :
_bil. (alg. col.)
440 0 _aEducación y enseñanza.
_pBiblioteca preescolar
650 4 _aArte
_xEstudio y enseñanza
_9207
650 4 _aEducación preescolar
_91517
650 4 _aJuegos infantiles
_96445
905 _aLibro
999 _c33534
_d33534